Religion Quiz

Random Religion or Asia Quiz

Hinduism Basics Quiz Stats

 Plays Quiz Updated Sep 1, 2016

Challenge
Share
Tweet
Embed
Score 0/22 Timer 05:00
1 Play Today
Hint Answer % Correct
Country of OriginIndia
98.6%
Most sacred riverRiver Ganges
76.4%
Symbol adopted by the Nazi PartySwastika
72.8%
Trimūrti god - The PreserverVishnu
65.5%
Language of sacred textsSanskrit
64.7%
Highest state one can attainNirvana
63.1%
Trimūrti god - The DestroyerShiva
62.6%
Concept of spiritual cause and effectKarma
59.9%
Festival of LightsDiwali
58.5%
Elephant-headed godGanesha
55.2%
Trimūrti god - The CreatorBrahma
48.1%
Hint Answer % Correct
Festival of ColorsHoli
41.7%
Main symbol of HinduismOm
31.9%
Puruṣārtha of moral valuesDharma
30.5%
Origin of the name HinduIndus River
25.1%
Puruṣārtha of spiritual valuesMokṣa
18.6%
Concept of the supreme existence or absolute realityBrahman
18.3%
Concept of reincarnationSaṃsāra
15.1%
Largest Hindu Mass Pilgrimage EventKumbh Mela
11.9%
Puruṣārtha of psychological valuesKāma
11.2%
Sapta Puri (Holy Pilgrimage Centers)Varanasi, Kanchipuram, Dvaraka, ...
10.5%
Puruṣārtha of economic valuesArtha
10%

You're not logged in!

Compare scores with friends on all Sporcle quizzes.
OR
Log In

You Might Also Like...

Show Comments

Extras

Top Quizzes Today


Score Distribution

Your Account Isn't Verified!

In order to create a playlist on Sporcle, you need to verify the email address you used during registration. Go to your Sporcle Settings to finish the process.

Report this User

Report this user for behavior that violates our Community Guidelines.

Details: